Normal view MARC view
  • DAS, DR. SUDIPTA. 2-GHOSE, BAISHALI. 3-DAS, SAWAN. 4-DEY, RIMI

Entry Personal Name

Number of records used in: 1

001 - CONTROL NUMBER

  • control field: 8822

003 - CONTROL NUMBER IDENTIFIER

  • control field: JRU

005 - DATE AND TIME OF LATEST TRANSACTION

  • control field: 20251125122244.0

008 - FIXED-LENGTH DATA ELEMENTS

  • fixed length control field: 251125|| aca||aabn | a|a d

040 ## - CATALOGING SOURCE

  • Original cataloging agency: JRU
  • Transcribing agency: JRU

100 ## - HEADING--PERSONAL NAME

  • Personal name: DAS, DR. SUDIPTA. 2-GHOSE, BAISHALI. 3-DAS, SAWAN. 4-DEY, RIMI

670 ## - SOURCE DATA FOUND

  • Source citation: Work cat.: (JRU)9004: DAS, DR. SUDIPTA. 2-GHOSE, BAISHALI. 3-DAS, SAWAN. 4-DEY, RIMI, TEXTBOOK OF INDUSTRIAL PHARMACY - I : For b pharm [ 5th sem], 2024